000 04942namaa22004451i 4500
003 EG-GICUC
005 20260408123217.0
008 260314s2025 ua a|||frm||| 000 0 eng d
040 _aEG-GICUC
_beng
_cEG-GICUC
_dEG-GICUC
_erda
041 0 _aeng
_beng
_bara
049 _aDeposit
082 0 4 _a616.7
092 _a616.7
_221
097 _aPh.D
099 _aCai01.11.25.Ph.D.2025.Ah.D
100 0 _aAhmad Mahmoud Hanafi Mahmoud Hassan Almaghrabi,
_epreparation.
245 1 0 _aDoes acute subtalar arthrodesis achieve better functional outcome than conservative treatment in comminuted calcaneal fractures :
_bA Randomized Controlled Trial /
_cby Ahmad Mahmoud Hanafi Mahmoud Hassan Almaghrabi ; Supervision Prof.Dr. Ahmed Mahmoud Kholeif, Prof.Dr. Aly Mohamed Reda, Prof.Dr. Ahmed Mohamed Khedr.
246 1 5 _aمقارنة بين الناتج الوظيفي لعلاج الكسور المفتتة لعظمة العقب مابين العلاج التحفظي و تثبيت المفصل الكنزعي
264 0 _c2025.
300 _a129 pages :
_billustrations ;
_c25 cm. +
_eCD.
336 _atext
_2rda content
337 _aUnmediated
_2rdamedia
338 _avolume
_2rdacarrier
502 _aThesis (Ph.D)-Cairo University, 2025.
504 _aBibliography: pages 124-129.
520 3 _aIn this study it was found that both set of patients achieved consistently better scores throughout the study period. The surgically treated patients achieved higher scores, although both groups had a close time to full weight bearing on average, the operative group had an earlier return to work. These results are consistent with several studies across the literature. Since the articular surface of the posterior facet of the calcaneus in these comminuted fractures is non reconstructable in these cases, we recommend primary subtalar arthrodesis, as it provide a better a means of returning to work faster, achieve better functional outcome in a shorter
520 3 _aتشكل كسور عظمة العقب المفتتة تحدياﹰ للمريض و للجراح المعالج، إذ يعد العجز طويل الأمد و عدم القدرة على العودة للعمل و الأنشطة اليومية ما قبل الأصابة من المضاعفات الناتجة عن هذه الكسور و معالجتها. سؤال البحث: هل يحقق التثبيت الداخلي بالرد المفتوح مع الإندماج المفصلي الأولي للمفصل الكنزعي نتائج وظيفية أفضل مقارنة بالعلاج التحفظي في كسور عظمة العقب المفتتة؟ المنهجية: تم تصميم دراسة تجربة سريرية عشوائية محكومة، لمقارنة النتائج الوظيفية بين العلاج الغير جراحي التحفظي و التثبيت الداخلي بالرد المفتوح مع الأندماج المفصلي الأولي للمفصل الكنزعي. تم مقارنة الناتج الوظيفي بإستخدام AOFAS و FAOS و القدرة على العودة للعمل في خلال سنتين. النتائج: تشير النتائج إلى وجود دلالة إحصائية في درجات AOFAS و FAOS بين المجموعتين في صالح العلاج الجراحي, على مدار فترة الدراسة. حيث ان العلاج الجراحي يتيح للمرضى تحسن وظيفي و عودة للعمل اسرع من العلاج التحفظي. القيود: تشمل قيود الدراسة حجم العينة الصغير و غياب بيانات المتابعة طويلة المدى إلى مابعد عامين, مما يحد من القدرة على تقييم النتائج المستدامة. الخلاصة: يحقق التثبيت الداخلي بالرد المفتوح و الإندماج المفصلي الاولي للمفصل الكنزعي عودة اسرع للعمل و الانشطةاليومية مع نتائج وظيفية افضل بالمقارنة بالعلاج الغير جراحي لكسور عظمة العقب المفتتة.
530 _aIssues also as CD.
546 _aText in English and abstract in Arabic & English.
650 0 _aOrthopaedics
650 0 _aجراحة العظام
653 1 _aarthrodesis
_afunctional
_atreatment in comminuted calcaneal
_aRandomized Controlled Trial
_aالاندماج الاولي المفصلي للمفصل الكنزعي
_aكسور العقب المفتتة
700 0 _aAhmed Mahmoud Kholeif
_ethesis advisor.
700 0 _aAly Mohamed Reda
_ethesis advisor.
700 0 _aAhmed Mohamed Khedr
_ethesis advisor.
900 _b01-01-2025
_cAhmed Mahmoud Kholeif
_cAly Mohamed Reda
_cAhmed Mohamed Khedr
_UCairo University
_FFaculty of Medicine
_DDepartment of Orthopaedics
905 _aShimaa
_eEman Ghareb
942 _2ddc
_cTH
_e21
_n0
999 _c179015